[Event "Stay Safe Play From Home 305"]
[Site "Emanuel Lasker Arena"]
[Date "2020.07.15"]
[Round "8"]
[White "SoulofWolf"]
[Black "NeatFox"]
[Result "1-0"]
[WhiteElo "2108"]
[BlackElo "1839"]
[Annotator "TA"]
[PlyCount "117"]
[EventDate "2020.07.15"]
[EventType "swiss (blitz)"]

{[%evp 9,117,88,104,70,85,64,84,63,63,63,118,72,98,70,108,50,71,63,87,0,0,0,98,21,147,21,262,22,327,12,295,0,124,60,112,100,267,244,270,132,246,-7,70,21,425,41,70,69,209,231,747,734,2286,2056,1416,330,1297,1126,29984,29985,29985,29981,29981,29981,29981,29982,29991,29992,29992,29993,29993,956,711,139,2524,197,1041,-147,-162,-29966,-5632,-4714,0,0,2,-29986,-29987,-29987,29982,29983,29984,29985,29985,0,29986,29986,29985,29986,29986,29987,29989,29989,29989,29988,29991,29989,29991,29992,29991,29992]} 1. d4 d5 2. c4 dxc4 3. Nc3 Nf6 4. e4 g6 5. Bxc4 Bg7 6. Nge2 {D20: Queen's Gambit Accepted: 3 e3 and 3 e4.} O-O 7. O-O e6 {[#]} 8. a4 $146 {White is better.} ({Predecessor:} 8. Bg5 b6 9. e5 h6 10. exf6 Bxf6 11. Bxh6 Re8 12. Qd2 g5 13. Ng3 Kh7 14. Bxg5 Bxg5 {1-0 (22) Baudner,G (2041)-Geibel,K (1206) Idar Oberstein 2013}) 8... b6 9. Bg5 Qe8 (9... h6 $14 10. Be3 Bb7) 10. Qb3 Bb7 11. f3 c5 12. e5 (12. Nb5 $16) 12... Nd5 13. Nxd5 exd5 14. Bb5 (14. Bxd5 $16 Nc6 15. Rad1) 14... Qe6 $11 {aiming for ...a6.} 15. f4 $36 {[%mdl 2048] White is more active.} c4 (15... a6 $1 $11 16. f5 Qc8) 16. Qc2 (16. Qf3 $16) 16... Nc6 (16... f5 $11 17. exf6 Qe3+ 18. Kh1 Bxf6) 17. Bxc6 (17. f5 $16 gxf5 18. Bxc6 (18. Rxf5 Nb4 $17) (18. Qxf5 Qxf5 19. Rxf5 Rae8 $16) 18... Qxc6 19. Ng3 (19. Rxf5 f6 $14) (19. Qxf5 Rae8 $16)) 17... Bxc6 $2 (17... Qxc6 $11 18. f5 f6) 18. a5 $2 (18. f5 $18 Qd7 19. f6) 18... b5 $2 {[%mdl 8192]} (18... f5 $11) 19. h3 $2 (19. f5 $18 Qc8 20. f6) 19... a6 $2 {[%mdl 8192]} (19... f5 $11 {and Black has nothing to worry.}) 20. g4 $2 (20. f5 $18 Qd7 21. f6) 20... Rfc8 (20... f6 $11 {remains equal.} 21. f5 gxf5 22. gxf5 Qe8 23. exf6 Bxf6 24. Bxf6 Rxf6) 21. Ng3 (21. f5 $16 Qe8 22. Qd2) 21... Rab8 (21... Qd7 $14) 22. Rae1 $16 b4 $2 (22... Rb7 $16) 23. f5 $18 Qd7 24. e6 (24. f6 $18) 24... fxe6 (24... Bxd4+ $16 25. Kh2 fxe6 26. fxe6 Qd6) 25. fxe6 $2 (25. f6 $18) 25... Qe8 ({Better is} 25... Qa7 $11 26. Ne2 Re8) 26. h4 h6 $2 {[%mdl 8192]} (26... c3 $1 $11 {and Black stays safe.} 27. Bf6 (27. bxc3 Ba4 $15) 27... Bxf6 28. Rxf6 Qe7) 27. Bf4 $2 (27. Bf6 $18 {Black must now prevent Bxg7.} Rb7 28. e7) 27... Rb7 $1 $14 {Hoping for ...c3.} ({Don't play} 27... Bxd4+ $6 28. Kh2 $16) 28. Be5 Bxe5 (28... Ba4 $14 29. Qg2 Bxe5 30. Rxe5 c3) 29. Rxe5 $18 Re7 $2 (29... Rg7 30. g5 Ba4) 30. Rf6 Rcc7 31. Rxg6+ Rg7 32. Rxg7+ $2 (32. Rxh6 {Reh5 is the strong threat.} Rce7 33. Reh5 Rxe6 34. Rh8+ {[%mdl 64] Skewer} Kf7 35. Rxe8 Kxe8 36. Qf5) 32... Kxg7 $2 (32... Rxg7 33. g5 Ba4) 33. Nf5+ Kg8 34. Nxh6+ Kg7 35. Nf5+ Kg8 36. Qd2 Qg6 37. Qf4 Be8 38. h5 Qf6 39. Nh6+ {[%mdl 64] Discovered Attack} Kg7 40. Qxf6+ (40. Rg5+ $142 Qxg5 41. Qxg5+ Kh7 42. e7 Rd7 43. Nf5 Rxe7 44. Qxe7+ {[%mdl 64] Double Attack} Bf7 45. Qxf7+ {[%mdl 64] Double Attack} Kh8 46. Qg7#) 40... Kxf6 {[%mdl 4096] Endgame KRB-KRN} 41. Nf5 $2 (41. Ng8+ $18 {and White stays clearly on top.} Kg7 42. Rg5+ Kf8 43. e7+ Kf7 44. Rf5+ Kg7 45. h6+ Kxg8 46. Rf8+ {[%mdl 64] Double Attack} Kh7 47. Rxe8) 41... Bxh5 $2 {[%mdl 8192]} (41... c3 $16 42. bxc3 bxc3) 42. Kg2 $2 (42. gxh5 Rc8 43. Nd6 Rg8+ 44. Kf2) 42... Bxg4 $2 (42... c3 43. bxc3 bxc3) 43. Ne3 $2 (43. e7 $18 Rc8 44. Nd6) 43... Bxe6 $17 {Threatens to win with ...c3.} 44. Nxd5+ $2 (44. Rh5 $19) 44... Bxd5+ 45. Rxd5 {[#] KR-KR} Rg7+ $2 (45... c3 $1 $19 {[%cal Rc3b2]} 46. bxc3 bxc3) 46. Kf3 $11 Rg5 47. Ke4 $2 {[%mdl 8192] [#]} (47. Rd6+ $11 Ke7 48. Rxa6) 47... Rxd5 $1 48. Kxd5 Ke7 $4 {[%mdl 8192]} (48... c3 {avoids the disaster.} 49. bxc3 bxc3 50. Kc6 c2 51. Kd6 c1=Q 52. Kd7 Qc4 53. Kd6 Qxd4+ 54. Kc6 Qc4+ 55. Kb7 Ke6 56. Kb8 Qb4+ 57. Ka7 Kd7 58. Kxa6 Kc7 59. Ka7 Qxa5#) 49. Kxc4 b3 50. Kxb3 {KP-KP} Kd6 51. d5 $2 (51. Kc4 {mates} Kd7 52. Kc5 Ke7 53. b4 Ke8 54. b5 axb5 55. a6 Kf7 56. Kxb5) 51... Kc7 $2 {[%mdl 8192]} (51... Kc5 $11) 52. Kb4 {White mates.} Kd6 53. Kc4 Kc7 54. b4 Kb7 55. b5 axb5+ 56. Kc5 Kc7 57. Kxb5 Kb7 58. a6+ Kc7 59. Kc5 {Quite a comeback for White. Accuracy: White = 35%, Black = 34%.} 1-0

[Event "Stay Safe Play From Home 305"]
[Site "Emanuel Lasker Arena"]
[Date "2020.07.15"]
[Round "9"]
[White "NTBT_DHS"]
[Black "SoulofWolf"]
[Result "1-0"]
[WhiteElo "2521"]
[BlackElo "2114"]
[Annotator "TA"]
[PlyCount "71"]
[EventDate "2020.07.15"]
[EventType "swiss (blitz)"]

{[%evp 11,71,52,80,56,50,48,48,50,62,52,68,45,52,59,81,85,64,45,88,100,120,91,273,274,412,386,651,650,801,789,793,787,840,827,846,778,799,787,829,834,822,791,1000,943,993,973,2263,2202,2733,1521,1529,1305,29989,29987,29990,1988,3415,3579,29992,29991,29991,29992]} 1. d4 c5 2. c4 e6 3. d5 Nf6 4. Nc3 exd5 5. cxd5 d6 6. e4 Be7 7. Bb5+ {A65: Modern Benoni: 6 e4.} Nbd7 8. a4 O-O 9. Nf3 {White is slightly better.} a6 {[#]} 10. Be2 $146 ({Predecessor:} 10. Bd3 Ng4 11. O-O Nde5 12. Nxe5 Nxe5 13. Be2 f5 14. f4 Ng6 15. Qb3 b6 16. e5 {1-0 (47) Gardi,G (1958)-Medici,S (2122) Arolo di Leggiuno 2014}) 10... Re8 11. O-O Nf8 12. Nd2 Ng6 13. Nc4 Nd7 14. f4 $36 {[%mdl 2048] White is pushing.} Rb8 15. a5 Qc7 16. Kh1 f6 $2 {Black cannot hold the game after this.} (16... b5 $16 {might work better.}) 17. Bh5 $18 Ndf8 (17... Rd8 {keeps fighting.} 18. Qe2 b5) 18. f5 Ne5 $2 (18... Bd7 19. fxg6 Nxg6) 19. Nxe5 dxe5 20. Bxe8 Bd6 21. Bh5 b5 22. axb6 Qxb6 23. Na4 Qb5 24. Be2 c4 25. Nc3 Qb4 26. Ra4 {[%cal Ba1a4,Ba4c4,Bc4c6][%mdl 32]} Qc5 27. Rxc4 Qa7 28. Rc6 Be7 29. d6 Bd8 30. Nd5 Bd7 {[#]} 31. Rc7 $1 Rb7 (31... Bxc7 32. dxc7) 32. Bc4 Bxc7 33. dxc7 (33. Nxf6+ $142 Kh8 34. Qd5 Ne6 35. dxc7 Rxc7 36. fxe6 Rc5 37. Qxd7 Qxd7 38. exd7) 33... Kh8 {[#]} 34. Qh5 $1 {Qf7 would kill now.} Rxc7 35. Nxc7 Qxc7 36. Qf7 {Accuracy: White = 79%, Black = 45%.} 1-0

[Event "Stay Safe Play From Home 305"]
[Site "Emanuel Lasker Arena"]
[Date "2020.07.15"]
[Round "9"]
[White "Tolka"]
[Black "Klasman"]
[Result "1-0"]
[WhiteElo "2326"]
[BlackElo "1299"]
[Annotator "TA"]
[PlyCount "49"]
[EventDate "2020.07.15"]
[EventType "swiss (blitz)"]

{[%evp 9,49,73,72,77,147,62,121,50,62,54,84,46,55,60,71,66,66,-39,-28,-496,298,134,425,343,481,328,446,462,830,816,830,674,683,639,658,234,413,410,428,413,407,377]} 1. e4 f5 2. exf5 Nf6 3. Nf3 d5 4. d4 Bxf5 5. Bd3 Bxd3 6. Qxd3 {[#] B00: Queen's Fianchetto Defence, Nimzowitsch Defence.} g6 $146 (6... e6 $142) ({Predecessor:} 6... Qd6 7. O-O Nc6 8. Ng5 Ng4 9. Qh3 Qd7 10. c3 Nf6 11. Qd3 g6 {1-0 (53) Lagno,K (2522)-Hoang,T (2473) Antakya 2010}) 7. Bf4 ({White should play} 7. Qb5+ $16 Nbd7 8. Nc3 (8. Qxb7 Qc8 $16)) 7... Bg7 {[#]} (7... Nc6 $14) 8. O-O (8. Qb5+ $1 $16 Nbd7 9. Nc3 (9. Qxb7 Rb8 $14)) 8... Nc6 9. Ne5 O-O 10. Nd2 Nb4 11. Qb3 a5 12. a3 Nc6 13. Qxb7 ({White should try} 13. Nxc6 $14 bxc6 14. Rae1) 13... Nxd4 $15 {[#] Threatens to win with ...Ne2+.} 14. Ndf3 $2 {[%mdl 8192]} (14. Nc6 $11 {and White has nothing to worry.} Nxc6 15. Qxc6) 14... Nxc2 $4 {[%mdl 8192]} (14... Ne2+ $19 {and all is fine.} 15. Kh1 Nxf4) 15. Rac1 (15. Nc6 $18 Rb8 16. Nxd8 Rxb7 17. Nxb7 Nxa1 18. Rxa1) 15... Nxa3 $2 {[%mdl 8192]} (15... Rb8 $16 16. Qc6 Qd6) 16. bxa3 Ne4 (16... Qc8 {was necessary.} 17. Rxc7 (17. Qxc7 Qxc7 18. Rxc7 Ne8 $11) 17... Qxb7 18. Rxb7 Ne4) 17. Bg3 Bxe5 18. Bxe5 Rxf3 (18... Rb8 $142 19. Qa6 Rb6) 19. gxf3 $18 Nd2 20. Rfd1 Nxf3+ 21. Kh1 Nxe5 22. Qxd5+ $2 (22. Rxd5 Qc8 23. Qxc8+ Rxc8 24. Rxe5) 22... Nf7 $2 (22... Qxd5+ 23. Rxd5 Ng4 24. Rxc7 Kf7) 23. Qxd8+ Rxd8 24. Rxd8+ Nxd8 25. Rxc7 {Accuracy: White = 26%, Black = 19%.} 1-0

[Event "Stay Safe Play From Home 305"]
[Site "Emanuel Lasker Arena"]
[Date "2020.07.15"]
[Round "9"]
[White "Lamborghini"]
[Black "NeatFox"]
[Result "1-0"]
[WhiteElo "2169"]
[BlackElo "1833"]
[Annotator "TA"]
[PlyCount "35"]
[EventDate "2020.07.15"]
[EventType "swiss (blitz)"]

{[%evp 9,34,40,56,39,42,40,82,49,167,156,188,172,462,251,1027,1027,1168,1172,1111,1144,1868,1850,1724,1174,1579,884,29999]} 1. e4 c6 2. d4 d5 3. Nc3 {[%cal Bb1c3,Bc3e4,Be4g5][%mdl 32]} dxe4 4. Nxe4 g6 5. Bc4 Bg7 6. Ng5 {B15: Caro-Kann: 3 Nc3: 3...g6 and 3...dxe4 4 Nxe4 Nf6 5 Nxf6+ exf6.} e6 7. N1f3 {[#]} Ne7 $146 ({Predecessor:} 7... h6 8. Ne4 Nf6 9. Nxf6+ Qxf6 10. Bd2 O-O 11. Qe2 Nd7 12. Bc3 Qf4 13. g3 Qc7 {1-0 (42) Yakimenko,A (2072)-Knyazev,P (1800) Voronezh 2019}) 8. h4 {White is better.} O-O {[#]} (8... c5 $14) 9. h5 $1 $18 Nf5 10. hxg6 fxg6 $2 (10... hxg6 {was worth a try.} 11. c3 c5) 11. g4 (11. Qe2 $142 Re8 12. Rxh7) 11... h6 $2 (11... Nxd4 12. Nxd4 Qxd4) 12. Nxe6 Bxe6 13. Bxe6+ Kh7 14. gxf5 gxf5 15. Ng5+ Kg6 16. Qh5+ Kf6 17. Bb3 hxg5 18. Bxg5# {Black did not feel at home in the position after the opening. Accuracy: White = 61%, Black = 33%.} 1-0

[Event "Stay Safe Play From Home 305"]
[Site "Emanuel Lasker Arena"]
[Date "2020.07.15"]
[Round "9"]
[White "TheCHESSHOUSE"]
[Black "Broken sword"]
[Result "0-1"]
[WhiteElo "2058"]
[BlackElo "2432"]
[Annotator "TA"]
[PlyCount "88"]
[EventDate "2020.07.15"]
[EventType "swiss (blitz)"]

{[%evp 14,88,13,9,22,17,27,0,11,0,0,-4,1,2,21,10,0,-10,0,-118,0,-22,34,37,46,36,37,43,52,36,55,11,57,11,16,2,11,-120,-120,-117,-114,-112,-100,-129,-110,-115,-118,-118,-116,-118,-101,-111,-113,-104,-86,-93,-76,-83,-76,-81,-65,-65,-65,-65,-65,-93,-93,-93,-93,-244,-93,-11632,-8437,-7045,-7300,-6095,-1651]} 1. d4 d5 2. c4 c6 3. cxd5 cxd5 4. Nc3 Nf6 5. Bf4 Nc6 6. Rc1 Bf5 7. Nf3 e6 8. e3 Bd6 {D14: Slav Defence: Exchange variation with ...Bf5.} (8... Rc8 {feels hotter.} 9. Be2 Be7 10. Nh4 Be4 11. O-O a6) 9. Bxd6 Qxd6 10. Be2 O-O {The position is equal.} 11. O-O {[#]} Bg4 $146 ({Predecessor:} 11... Rfc8 12. a3 Nd7 13. Na4 h6 14. b4 a5 15. b5 Ne7 16. Qb3 Rxc1 17. Rxc1 Rc8 18. Rxc8+ Nxc8 {0-1 (99) Gomez,J (2463)-Pourramezanali,A (2534) Ashkhabad 2017}) 12. Na4 Bxf3 13. Bxf3 Nd7 14. Nc5 Nxc5 15. dxc5 Qe5 16. a3 (16. Qb3 $11) 16... a5 ({Black should play} 16... Qxb2 $17 17. Qc2 Qe5) 17. Qd2 Rac8 (17... a4 $11) 18. b4 $14 axb4 19. axb4 Rfd8 20. b5 Ne7 21. Rfd1 g6 22. Qd4 (22. g3 {keeps more tension.} Kg7 23. Qb4 Qf6 24. Bg2 Ra8 25. Qb3) 22... Qg7 23. Qxg7+ Kxg7 24. h3 Rc7 25. g4 (25. Rc2 $11 {remains equal.}) 25... Rdc8 $17 26. c6 bxc6 27. bxc6 ({Don't blunder} 27. b6 $2 Rb7 $19) 27... Rxc6 28. Rb1 R8c7 29. Kg2 Rc2 30. e4 {[#]} dxe4 $1 31. Bxe4 Ra2 32. Rbc1 Rxc1 33. Rxc1 {[%mdl 4096] Endgame KRB-KRN} Ra7 34. Bf3 Rd7 35. Rc5 Nd5 36. Kg3 g5 37. h4 h6 38. hxg5 hxg5 39. Be4 Kf6 40. Rc4 Nf4 41. Bf3 $2 {[#]} (41. Rc2 $17 {is a better defense.}) 41... Ra7 $2 (41... Rd3 $19 {has better winning chances. Hoping for ...Ng6.} 42. Re4 Nd5) 42. Rc6 $2 {[%mdl 8192]} (42. Be4 $17) 42... Ra3 $19 {Black is clearly winning.} 43. Rc2 Nd3 44. Rd2 Ne5 {Accuracy: White = 57%, Black = 81%.} 0-1

[Event "Stay Safe Play From Home 305"]
[Site "Emanuel Lasker Arena"]
[Date "2020.07.15"]
[Round "9"]
[White "Fischer_11"]
[Black "Weltszmerc"]
[Result "0-1"]
[WhiteElo "1973"]
[BlackElo "2146"]
[Annotator "NA RC"]
[PlyCount "58"]
[EventDate "2020.07.15"]
[EventType "swiss (blitz)"]

1. e4 {[%emt 0:00:01]} Nf6 {[%emt 0:00:01]} 2. Nc3 {[%emt 0:00:01]} d5 {[%emt 0:00:01]} 3. exd5 {[%emt 0:00:00]} Nxd5 {[%emt 0:00:00]} 4. Nxd5 {[%emt 0:00:00]} Qxd5 {[%emt 0:00:00]} 5. Qf3 {[%emt 0:00:00]} c6 {[%emt 0:00:00]} 6. Qxd5 {[%emt 0:00:01]} cxd5 {[%emt 0:00:00]} 7. d4 {[%emt 0:00:00]} Nc6 {[%emt 0:00:00]} 8. c3 {[%emt 0:00:00]} Bf5 {[%emt 0:00:01]} 9. Nf3 {[%emt 0:00:00]} e6 {[%emt 0:00:00]} 10. Bg5 {[%emt 0:00:01]} Bd6 {[%emt 0:00:01]} 11. Bh4 {[%emt 0:00:01]} O-O {[%emt 0:00:01]} 12. Bb5 {[%emt 0:00:00]} Rac8 {[%emt 0:00:02]} 13. O-O {[%emt 0:00:02]} a6 {[%emt 0:00:02]} 14. Ba4 {[%emt 0:00:01]} h6 {[%emt 0:00:03]} 15. Rfe1 {[%emt 0:00:01]} Na5 {[%emt 0:00:04]} 16. Bg3 {[%emt 0:00:03]} Be7 {[%emt 0:00:03]} 17. Ne5 {[%emt 0:00:01]} b5 {[%emt 0:00:03]} 18. Bd1 {[%emt 0:00:03]} Rfd8 {[%emt 0:00:02]} 19. a4 {[%emt 0:00:06]} b4 {[%emt 0:00:01]} 20. cxb4 {[%emt 0:00:09]} Bxb4 {[%emt 0:00:00]} 21. Re2 {[%emt 0:00:02]} Nc4 {[%emt 0:00:03]} 22. Nxc4 {[%emt 0:00:02]} Rxc4 {[%emt 0:00:00]} 23. b3 {[%emt 0:00:01]} Rxd4 {[%emt 0:00:02]} 24. Bc2 {[%emt 0:00:03]} Bxc2 {[%emt 0:00:06]} 25. Rxc2 {[%emt 0:00:00]} Rd2 {[%emt 0:00:01]} 26. Rxd2 {[%emt 0:00:01]} Bxd2 {[%emt 0:00:00]} 27. Rb1 {[%emt 0:00:02]} Rc8 {[%emt 0:00:01]} 28. b4 {[%emt 0:00:02]} Bxb4 {[%emt 0:00:02]} 29. Rc1 {[%emt 0:00:00]} Rxc1# {[%emt 0:00:02] (Lag: Av=0.58s, max=0.9s)} 0-1